Síntesis de historia de la iglesia

محفوظ في:
التفاصيل البيبلوغرافية
المؤلف الرئيسي: Hughes, Philip (مؤلف)
التنسيق: كتاب
اللغة:الإسبانية
منشور في: Barcelona Herder 2001
الطبعة:3a. ed
الموضوعات:
الوسوم: إضافة وسم
لا توجد وسوم, كن أول من يضع وسما على هذه التسجيلة!

MARC

LEADER 00000nam a2200000 a 4500
001 UCK7530
003 CL-VaPUC
008 051125e20010000SP |||||||||||||||||spa|d
020 |a 8425402018 
082 0 4 |a 270  |b HUG  |2 21 
100 |a Hughes, Philip  |e author  |9 526608 
245 1 0 |a Síntesis de historia de la iglesia 
250 |a 3a. ed 
300 |a 437 p 
942 |c BK 
945 |d 20051125 00:00:00  |a jtorresc 
260 |a Barcelona  |b Herder  |c 2001 
650 0 |a Historia de la iglesia   |9 257565 
650 0 |a Cristianismo  |9 257361 
583 |a last modification  |c 20051125 00:00:00  |k Rodrigo Vera 
999 |c 315437  |d 315435 
952 |0 0  |1 0  |4 0  |6 270_000000000000000_HUG_2001  |7 0  |8 A  |9 388700  |a BIBTEO  |b BIBTEO  |d 2019-11-22  |i 4181417  |o 270 HUG 2001  |p 4181417  |r 2025-01-17  |w 2019-11-22  |y BK  |k ICR 
952 |0 0  |1 0  |4 0  |6 270_000000000000000_HUG_2001  |7 0  |8 A  |9 388701  |a BIBTEO  |b BIBTEO  |d 2019-11-22  |i 4500075  |o 270 HUG 2001  |p 4500075  |r 2025-01-17  |w 2019-11-22  |y BK  |k ICR